| 000 | 00478nam a2200193Ia 4500 | ||
|---|---|---|---|
| 003 | OSt | ||
| 005 | 20140311163112.0 | ||
| 008 | 140130s9999 xx 000 0 und d | ||
| 050 |
_aPZ 7 _b.B146ss 2001 |
||
| 100 |
_aBaglio, Ben M. _95246 |
||
| 245 |
_aShetland in the shed/ _cBaglio, Ben M. |
||
| 260 |
_bScholastic, _c2001. _aNew York : |
||
| 300 |
_a130 p. : _bill. ; _c18 cm. |
||
| 440 |
_v1 _930937 |
||
| 521 | _aG3 | ||
| 526 | _c510 | ||
| 942 |
_cBK _2lcc |
||
| 999 |
_c40572 _d40572 |
||